Library Catalog

A Hero's guide to deadly dragons / (Record no. 492726)

MARC details
000 -LEADER
fixed length control field 00850nam a22002297a 4500
003 - CONTROL NUMBER IDENTIFIER
control field OSt
005 - DATE AND TIME OF LATEST TRANSACTION
control field 20260512150952.0
008 - FIXED-LENGTH DATA ELEMENTS--GENERAL INFORMATION
fixed length control field 260512b |||||||| |||| 00| 0 eng d
020 ## - INTERNATIONAL STANDARD BOOK NUMBER
International Standard Book Number 9780340999134
040 ## - CATALOGING SOURCE
Original cataloging agency Kenya National Library Service
082 ## - DEWEY DECIMAL CLASSIFICATION NUMBER
Classification number 823.92 COW
100 ## - MAIN ENTRY--PERSONAL NAME
Personal name Cowell, Cressida,
Relator term author.
245 ## - TITLE STATEMENT
Title A Hero's guide to deadly dragons /
Statement of responsibility, etc. written and illustrated by Cressida Cowell.
300 ## - PHYSICAL DESCRIPTION
Extent 195 pages :
Other physical details illustrations ;
Dimensions 20 cm.
490 ## - SERIES STATEMENT
Series statement How to train your dragon ;
Volume/sequential designation book 6.
520 ## - SUMMARY, ETC.
Summary, etc. Hiccup Horrendous Haddock III must battle dangerous dragons and survive a mysterious curse while continuing his training as a Viking hero.
650 ## - SUBJECT ADDED ENTRY--TOPICAL TERM
Topical term or geographic name entry element Adventure stories.
650 ## - SUBJECT ADDED ENTRY--TOPICAL TERM
Topical term or geographic name entry element Dragons
Form subdivision Juvenile fiction
942 ## - ADDED ENTRY ELEMENTS (KOHA)
Source of classification or shelving scheme Dewey Decimal Classification
Koha item type Books
Suppress in OPAC No
Holdings
Withdrawn status Source of classification or shelving scheme Damaged status Not for loan Collection Home library Current library Date acquired Source of acquisition Cost, normal purchase price Total checkouts Full call number Barcode Date last seen Price effective from Koha item type
  Dewey Decimal Classification     Junior Books Buru Buru Library Acquisition, Cataloguing, Classification and Distribution Development 05/12/2026 BAI 999.00   823.92 COW B230656 05/12/2026 05/12/2026 Books

© 2025, Kenya National Library Service | Designed & Maintained by Uvumbuzi Center